000 00317nam a22001217a 4500
040 _cSY
082 _a381
100 _aSENG EANG SAMRAING; សេងអៀង​ សំរាំង
245 _aNon-timber forest product, អនុផលព្រៃឈើ
260 _aRUA
_bSEN
_c2011
300 _a44p.
942 _cKB
999 _c9324
_d9324